Délmagyarország. - 1984. június 23., Szombat

Elmentve itt :
Bibliográfiai részletek
Dokumentumtípus: Újság
Megjelent: 1984-06-23
Sorozat:Délmagyarország 74 No. 146
Online Access:http://dmarchiv.bibl.u-szeged.hu/22370
LEADER 00489nas a2200145 i 4500
001 delm22370
005 20200415082108.0
008 171218s1984 hu n o 0|| hun d
022 |a 0133-025X 
040 |a SZTE Délmagyarország Archívum  |b hun 
041 |a hun 
245 0 0 |a Délmagyarország. - 1984. június 23., Szombat  |h [elektronikus dokumentum] 
260 |c 1984-06-23 
490 0 |a Délmagyarország  |v 74 No. 146 
856 4 0 |u http://dmarchiv.bibl.u-szeged.hu/22370/1/dm_1984_146.pdf  |z Dokumentum-elérés